000 00242nam a2200097Ia 4500
001 642388
005 20250826153525.0
008 250824s9999 xx 000 0 und d
245 0 _aEce Yüce/Ece Abla Oluyor
_cGülten Dayıoğlu
260 _bALTIN
999 _c642388
_d642388